000 004580000a22001810004500
003 MACL
005 20150728132456.0
008 150728b xxu||||| |||| 00| 0 eng d
040 _aMACL
_cMACL
041 _aEnglish
082 _a333.7/DED
100 _aDeori Pushpanjoli
_92825
245 _aEnvironmental History Of Naga Hills
260 _bAnshah Publishing House
_c2005
_aDelhi
350 _a300
650 _aEconomices
_92826
942 _cBK
_k333.7
_2ddc
999 _c1730
_d1730